| 000 | 00338cam a22001217a 4500 | ||
|---|---|---|---|
| 008 | 180718b1954 xxu||||| |||| 00| 0 eng d | ||
| 082 | _aT112x47 H671 | ||
| 100 | _aHodffding, Oleg | ||
| 245 |
_aSoviet national income and product in 1928 _cby Oleg Hoeffding |
||
| 260 |
_aLondon _bOUP _c1954 |
||
| 300 | _a156p. | ||
| 650 | _aIncome - U.S.S.R. | ||
| 999 |
_c368419 _d368419 |
||